An information-theoretic approach to neural computing
Saved in:
| Main Author: | |
|---|---|
| Other Authors: | |
| Format: | Book |
| Language: | English |
| Published: |
New York :
Springer,
1997.
|
| Series: | Perspectives in neural computing
|
| Subjects: | |
| Tags: |
Add Tag
No Tags, Be the first to tag this record!
|
MARC
| LEADER | 00000cam a2200000 i 4500 | ||
|---|---|---|---|
| 001 | 1/12654 | ||
| 008 | 001012r19971996nyu| ||| |||| ||eng|| | ||
| 020 | |a 0387946667 | ||
| 035 | |l 10064287 | ||
| 040 | |a GR-MyUA |b gre |e AACR2 | ||
| 041 | 0 | |a eng | |
| 082 | 0 | |a 006.3 |2 (21) | |
| 100 | 1 | |a Deco, Gustavo. | |
| 245 | 1 | 3 | |a An information-theoretic approach to neural computing / |c Gustavo Deco, Dragan Obradovic. |
| 260 | |a New York : |b Springer, |c 1997. | ||
| 300 | |a xiii, 261 σ. : |b εικ. ; |c 24 εκ. | ||
| 490 | 1 | |a (Perspectives in neural computing) | |
| 504 | |a Περιέχει βιβλιογραφικές αναφορές και ευρετήριο. | ||
| 650 | 0 | 0 | |a Neural networks (Computer science) |
| 700 | 1 | |a Obradovic, Dragan. | |
| 830 | 0 | |a Perspectives in neural computing | |
| 852 | |a INST |b SAMOS |e 20001012 |h 006.3 DEC |p 005300018843 |q 005300018843 |t BK |y 0 | ||
| 852 | |a INST |b SAMOS |e 20001012 |h 006.3 DEC |p 005300018844 |q 005300018844 |t BK |y 0 | ||
| 852 | |a INST |b SAMOS |e 20001012 |h 006.3 DEC |p 005300018846 |q 005300018846 |t BK |y 0 | ||
| 852 | |a INST |b SYROS |e 20001012 |h 006.3 DEC |p 005500000438 |q 005500000438 |t BK |y 0 | ||
| 901 | |a BIBL3-2000-3 | ||
| 909 | |a Σ |b 079687 | ||
| 909 | |a Σ |b 079688 | ||
| 909 | |a Σ |b 079689 | ||
| 909 | |a Ε |b 079690 | ||
| 922 | |a 3ΕΛΗ |b 200002 |c ΤΠΕΣ/ΠΟΛ |d LEADER | ||
| 922 | |a 5ΕΛΗ |b 200002 |c ΤΠΕΣ/ΠΟΛ |d LEADER | ||
| 970 | |a ΚΟΣΙΕΡΗΣ |b ΧΡΗΣΤΟΣ |z 2000/10/ | ||